Déserts du monde - Statistiques

Statistiques générales
  • Ce quiz a été pris 364 fois
  • Le résultat moyen est 8 sur 25
Statistiques - réponses
Hint Réponse % Correct
Afrique Sahara
95%
Asie Désert de Gobi
79%
Grand désert froid Antarctique
66%
Grand désert froid Arctique
55%
Afrique Désert du Kalahari
54%
Moyen Orient Désert d'Arabie
49%
Amérique du Sud Désert d'Atacama
39%
Afrique Désert du Namib
37%
Océanie Grand désert de Victoria
35%
Amérique du Nord Désert de Chihuahua
33%
Amérique du Sud Patagonie
32%
Amérique du Nord Désert des Mojaves
29%
Moyen Orient Désert de Syrie
29%
Amérique du Nord Grand bassin
22%
Océanie Désert de Simpson
17%
Amérique du Nord Désert de Sonora
15%
Amérique du Nord Désert du Colorado
14%
Europe Désert de Tabernas
12%
Océanie Grand désert de sable
12%
Asie Désert du Taklamakan
11%
Asie Désert du Thar
11%
Asie Désert du Karakoum
10%
Océanie Désert de Gibson
7%
Asie Désert du Kyzylkoum
5%
Océanie Désert de Tanami
4%
Aucun quiz correspondant
Distribution des résultats
% des personnes avec chaque résultat
Percentile par nombre de réponses
Votre historique - résultats
Vous n’avez pas pris ce quiz